All Valencia Players of the 2000's - Statistics

General Stats
  • This quiz has been taken 13 times
  • The average score is 30 of 94
Answer Stats
Position Nation Player Previous Club % Correct
GK Spain José Santiago Canizares Real Madrid
100%
MID Spain David Silva Celta de Vigo
90%
FWD Spain David Villa Real Zaragoza
80%
MID Spain Gaizka Mendieta Castellon
80%
FWD Spain Joaquin Real Betis Balompié
80%
DEF Argentina Roberto Ayala AC Milan
80%
MID Spain Vicente Levante
80%
GK Spain Cesar Sanchez Tottenham
70%
MID Spain Jordi Alba Gimnastic de Tarragona
70%
FWD Spain Juan Mata Real Madrid
70%
MID/FWD Argentina Pablo Aimar River Plate
70%
GK Spain Andres Palop Villareal CF
60%
DEF Spain Asier del Horno Chelsea
50%
DEF Spain Carlos Marchena Benfica
50%
MID Spain David Albelda Villareal
50%
MID Argentina Ever Banega Boca Juniors
50%
FWD Spain Fernando Morientes Liverpool
50%
MID France Jeremy Mathieu Toulouse
50%
FWD Norway John Carew Rosenborg BK
50%
MID Spain Jorge Lopez Villareal
50%
MID Spain Jorge Lopez RCD Mallorca
50%
FWD Spain Juan Sanchez Celta de Vigo
50%
FWD Spain Mista CD Tenerife
50%
MID Spain Ruben Baraja Atletico Madrid
50%
DEF Italy Amedeo Carboni AS Roma
40%
DEF Spain David Navarro -
40%
MID Spain David Sanchez -
40%
MID France Didier Deschamps Chelsea
40%
MID Brazil Edu Arsenal
40%
DEF France Jocelyn Angloma Inter Milan
40%
MID Argentina Kily Gonzalez Real Zaragoza
40%
DEF Portugal Miguel Benfica
40%
MID France Mohamed Sissoko Auxerre
40%
FWD The Netherlands Patrick Kluivert Newcastle
40%
MID Spain Raul Albiol Getafe
40%
GK Spain Vicente Guaita -
40%
FWD Roumania Adrian Ilie Galatasaray
30%
DEF Spain Angel Dealbert Castellon
30%
DEF Spain Bruno Almeria
30%
DEF Spain Curro Torres CD Tenerife
30%
DEF Brazil Fabio Aurelio SSC Napoli
30%
MID Spain Francisco Rufete Malaga
30%
DEF Spain Ivan Helguera Real Madrid
30%
MID Portugal Manuel Fernandes Everton
30%
FWD Italy Marco Di Vaio Juventus
30%
DEF Argentina Mauricio Pellegrino Betis Siviglia
30%
FWD Spain Miguel Angel Angulo Villareal
30%
GK Spain Miguel Angel Moya Mallorca
30%
DEF Serbia (Yugoslavia) Miroslav Djukic Deportivo la Coruna
30%
FWD Serbia Nikola Zigic Racing Santander
30%
FWD Spain Pablo Getafe
30%
GK Brazil Renan Internacional
30%
GK Germany Timo Hildebrand Stuttgart
30%
MID Slovenia Zlatko Zahovic Olympiakos
30%
FWD Argentina Alejandro Dominguez Rubin Kazan
20%
DEF Spain Alexis Getafe
20%
MID Paraguay Angel Roberto Amarilla Cerro Porteno
20%
FWD Italy Bernardo Corradi Lazio
20%
DEF Italy Emiliano Moretti Bologna
20%
MID Uruguay Ernesto Canobbio Penarol
20%
MID Uruguay Gonzalo de los Santos Malaga
20%
MID The Netherlands Hedwiges Maduro Ajax
20%
MID Portugal Hugo Viana Newcastle
20%
MID Spain Jaime Gavilan Getafe
20%
GK France Ludovic Butelle Metz
20%
MID Spain Luis Milla Real Madrid
20%
MID Italy Stefano Fiore Lazio
20%
MID Nigeria Sunny CP Ejido
20%
FWD Spain Aaron Valencia Youth
10%
FWD Spain Angel Javier Arizmendi Deportivo La Coruna
10%
DEF Brazil Carleto Santos
10%
MID Spain Carlos -
10%
GK Mexico David Rangel -
10%
MID Roumania Dennis Serban Elche
10%
FWD Uruguay Diego Alonso Gimnasia y Esgrima
10%
DEF Sweden Joachim Bjorklund Glasgow Rangers
10%
GK Spain José Luis Mora UD Levante
10%
MID Spain Juanlu Cordoba
10%
DEF Portugal Marco Caneira Bordeaux/Sporting Lisbon
10%
MID Uruguay Mario Regueiro Racing Santander
10%
FWD Brazil Ricardo Oliveira Santos
10%
FWD Spain Salva Atletico Madrid
10%
FWD Spain Xisco Recreativo Huelva
10%
DEF France Anthony Reveillere Stade Rennes
0%
FWD Spain Borja -
0%
DEF Spain Cerra Valencia Youth
0%
DEF Spain David Corcoles Valencia Youth
0%
MID Spain Gerardo Villareal
0%
DEF Spain Javier Garrido Cordoba
0%
DEF France Jean-Felix Dorothee Valence
0%
GK Spain Jonathan -
0%
MID Spain Miguel Pallardò Valencia Youth
0%
MID Spain Nacho Insa Valencia Youth
0%
DEF Spain Vicente Verdejo -
0%
No matching quizzes found
Score Distribution
Percent of People with Each Score
Percentile by Number Answered
Your Score History
You have not taken this quiz